|
|
|
|
| LEADER |
00000nam a2200000 a 4500 |
| 001 |
UCG7152 |
| 003 |
CL-VaPUC |
| 008 |
110624e20040000GW |||||||||||||||||spa|d |
| 020 |
|
|
|a 3822822949
|
| 082 |
0 |
4 |
|a 750
|b HES
|2 21
|
| 100 |
|
|
|a Hess, Barbara
|e author
|9 557743
|
| 245 |
1 |
0 |
|a Willem de Kooning, 1904-1997: el tema como impresión fugaz
|
| 300 |
|
|
|a 96 p
|
| 942 |
|
|
|c BK
|
| 945 |
|
|
|d 20110624 00:00:00
|a dcastane
|
| 260 |
|
|
|a Colonia
|b Taschen
|c 2004
|
| 650 |
|
0 |
|a Pintura
|9 265046
|
| 650 |
|
0 |
|a Pintura holandesa
|9 267860
|
| 650 |
|
7 |
|a PINTORES HOLANDESES
|2 CL-VaPUC
|9 557744
|
| 650 |
|
0 |
|a Expresionismo abstracto
|9 315821
|
| 650 |
|
7 |
|a PINTURA GESTUAL
|2 CL-VaPUC
|9 557745
|
| 583 |
|
|
|a last modification
|c 20110624 00:00:00
|k Rodrigo Vera
|
| 999 |
|
|
|c 345216
|d 345214
|
| 952 |
|
|
|0 0
|1 0
|4 0
|6 750_000000000000000_HES_2004
|7 0
|8 C
|9 443697
|a BIBCUR
|b BIBCUR
|d 2019-11-22
|i 4785541
|o 750 HES 2004
|p 4785541
|r 2025-04-22
|w 2019-11-22
|y BK
|k CAC
|